Normal view
MARC view
- Klamkin, Murray S Moser, William O. J Barbeau, Edward J
Entry Personal Name
001 - CONTROL NUMBER
- control field: 76122
003 - CONTROL NUMBER IDENTIFIER
- control field: NUST
005 - DATE AND TIME OF LATEST TRANSACTION
- control field: 20210628205601.0
008 - FIXED-LENGTH DATA ELEMENTS
- fixed length control field: 210628|| aca||aabn | a|a d
040 ## - CATALOGING SOURCE
- Original cataloging agency: NUST
- Transcribing agency: NUST
100 ## - HEADING--PERSONAL NAME
- Personal name: Klamkin, Murray S Moser, William O. J Barbeau, Edward J
670 ## - SOURCE DATA FOUND
- Source citation: Work cat.: (NUST): Klamkin, Murray S Moser, William O. J Barbeau, Edward J, Five hundred mathematical challenges, 1995
